• 首页
  • 本馆介绍
  • 公告通知
  • 最新文献
  • 馆藏检索
  • 电子资源
  • 读者导购
  • 参考咨询
  • 我的图书馆
  • 登录
  • 详细信息显示
  • 放入我的书架
  • 预约/预借图书
  • 作者相关作品
  • 分类相关作品
  • 丛书相关作品
  • 出版社相关作品

书目信息

  • 表格格式
  • 工作单格式
  • 卡片格式
题名:
基于股票投资决策的财务报表分析
    
 
作者: 张丽蓉 著
分册:  
出版信息: 北京   中国时代经济出版社  2012
页数: 337页
开本: 24cm
丛书名:
单 册:
中图分类: F231.5
科图分类:
主题词: 会计报表--会计分析 , 会计报表 , 会计分析
电子资源:
ISBN: 978-7-5119-1162-9
000 01113nam0 22002771 450
001 523
005 20140908164008.26
010    @a978-7-5119-1162-9@dCNY56.00
100    @a20130312d2012 em y0chiy50 ea
101 0  @achi
102    @aCN@b110000
105    @ay z 000yy
106    @ar
200 1  @a基于股票投资决策的财务报表分析@AJi Yu Gu Piao Tou Zi Jue Ce De Cai Wu Bao Biao Fen Xi@f张丽蓉著@FZhang Li Rong Zhu
210    @a北京@c中国时代经济出版社@d2012
215    @a337页@d24cm
304    @a封面英文题名:Financial statements analysis for stork Investment Decision
330    @a本书从阐述财务报表分析在股票投资决策中的重要性入手,内容涵盖了股票投资者财务报表分析的理论框架构建、基于股票投资决策的财务情况预判、财务报表结构分析、财务报表指标分析、财务前景预测以及财务报表分析案例等。
510 1  @a:Financial statements analysis for stork Investment Decision@zeng
606 0  @a会计报表@x会计分析
606 0  @a会计报表
606 0  @a会计分析
690    @aF231.5@v5
701  0 @a张丽蓉@AZhang Li Rong@c(女,@f1977~)@4著
801  0 @aCN@bTANGWEI@c20140603
905    @b0836838-40@dF231.5@e442@f3
    
    基于股票投资决策的财务报表分析/张丽蓉著.-北京:中国时代经济出版社,2012
    337页;24cm
    
    
    ISBN 978-7-5119-1162-9:CNY56.00
    本书从阐述财务报表分析在股票投资决策中的重要性入手,内容涵盖了股票投资者财务报表分析的理论框架构建、基于股票投资决策的财务情况预判、财务报表结构分析、财务报表指标分析、财务前景预测以及财务报表分析案例等。
●
相关链接 在E读中查询图书 在五车中查询图书 在当当中查询图书 在豆瓣中查询图书


正题名:基于股票投资决策的财务报表分析     索取号:F231.5/442         预约/预借

序号 登录号 条形码 馆藏地/架位号 状态 备注
1 0836838   208368381   第一样本阅览室/ [索取号:F231.5/442] 在馆    
2 0836839   208368390   密集书库-海洋学院/ [索取号:F231.5/442] 在馆    
3 0836840   208368407   第一借阅区/ [索取号:F231.5/442] 在馆    
唐山师范学院图书馆 欢迎您!
大连网信软件有限公司© 版权所有